Online
Catalog

Política forestal nacional 2000-2004 / (Record no. 2855)

MARC details
000 -CABECERA
campo de control de longitud fija 01759nam a2200289 u 4500
001 - NÚMERO DE CONTROL
campo de control 000003023
003 - IDENTIFICADOR DEL NÚMERO DE CONTROL
campo de control OSt
005 - FECHA Y HORA DE LA ÚLTIMA TRANSACCIÓN
campo de control 20260305073950.0
008 - DATOS DE LONGITUD FIJA--INFORMACIÓN GENERAL
campo de control de longitud fija 090706s2004 dr a r 000 0 spa d
040 ## - FUENTE DE LA CATALOGACIÓN
Centro catalogador/agencia de origen DO-SdBNP
Lengua de catalogación spa
Centro/agencia transcriptor BNPHU
082 ## - NÚMERO DE LA CLASIFICACIÓN DECIMAL DEWEY
Número de clasificación 333.75097293
Número de documento/Ítem P769f
245 00 - MENCIÓN DE TÍTULO
Título Política forestal nacional 2000-2004 /
Mención de responsabilidad, etc. Dirección general Frank Moya Pons ; textos elaborados por Máximo Aquino, Abel Hernández, Francisco Cuevas.
260 ## - PUBLICACIÓN, DISTRIBUCIÓN, ETC.
Lugar de publicación, distribución, etc. Santo Domingo :
Nombre del editor, distribuidor, etc. Secretaría de Estado de Medio Ambiente y Recursos Naturales,
Fecha de publicación, distribución, etc. 2004.
300 ## - DESCRIPCIÓN FÍSICA
Extensión 182 p. :
Otras características físicas il. ;
Dimensiones 22 cm.
505 0# - NOTA DE CONTENIDO CON FORMATO
Nota de contenido con formato Aspectos generales de la política forestal --
Título Diagnóstico del sector forestal --
-- Lineamientos de la política forestal --
-- Programa nacional de reforestación --
-- Beneficios del programa nacional de reforestación --
-- Metas alcanzadas por el programa nacional de reforestación 2000-2004 --
-- Entregas de plantas realizadas en el período de producción anual de los viveros forestales a febrero 2004 --
-- Capacidad de producción anual de los viveros forestales a febrero 2004 --
-- Proyecto de ley de fomento forestal --
-- Donación de plantas forestal agosto 2000 - febrero 2004.
590 ## - NOTA LOCAL (RLIN)
Nota local Inventariado, 2018/LP
650 #4 - PUNTO DE ACCESO ADICIONAL DE MATERIA--TÉRMINO DE MATERIA
Término de materia o nombre geográfico como elemento de entrada Política forestal
Subdivisión geográfica República Dominicana
Subdivisión cronológica 2000-2004
9 (RLIN) 9581
650 #4 - PUNTO DE ACCESO ADICIONAL DE MATERIA--TÉRMINO DE MATERIA
Término de materia o nombre geográfico como elemento de entrada Administración forestal
Subdivisión geográfica República Dominicana
Subdivisión cronológica 2000-2004
9 (RLIN) 9582
650 #4 - PUNTO DE ACCESO ADICIONAL DE MATERIA--TÉRMINO DE MATERIA
Término de materia o nombre geográfico como elemento de entrada Bosques
Subdivisión geográfica República Dominicana
Subdivisión cronológica 2000-2004
9 (RLIN) 9583
700 12 - PUNTO DE ACCESO ADICIONAL--NOMBRE DE PERSONA
Nombre de persona Moya Pons, Frank,
Fechas asociadas al nombre 1944-
9 (RLIN) 2095
700 1# - PUNTO DE ACCESO ADICIONAL--NOMBRE DE PERSONA
Nombre de persona Aquino, Máximo
9 (RLIN) 9585
700 1# - PUNTO DE ACCESO ADICIONAL--NOMBRE DE PERSONA
Nombre de persona Hernández, Abel
9 (RLIN) 9586
700 1# - PUNTO DE ACCESO ADICIONAL--NOMBRE DE PERSONA
Nombre de persona Cuevas, Francisco
9 (RLIN) 9587
710 1# - PUNTO DE ACCESO ADICIONAL--NOMBRE DE ENTIDAD CORPORATIVA
Nombre de entidad corporativa o nombre de jurisdicción como elemento de entrada República Dominicana.
Unidad subordinada Secretaría de Estado de Medio Ambiente y Recursos Naturales
9 (RLIN) 14503
910 ## - DATOS DE OPCIÓN DEL USUARIO (OCLC)
Datos de opción del usuario Validado. Control de calidad MFF
942 ## - ELEMENTOS DE PUNTO DE ACCESO ADICIONAL (KOHA)
Fuente del sistema de clasificación o colocación Dewey Decimal Classification
Tipo de ítem Koha Libro
Holdings
Estado de retiro Estado de pérdida Restricciones de uso No para préstamo Código de colección Localización permanente Ubicación/localización actual Ubicación en estantería Fecha de adquisición Número de inventario Total de préstamos Signatura topográfica completa Código de barras Fecha visto por última vez Número de copia Precio válido a partir de Tipo de ítem Koha
    Préstamo interno   Dominicana de Servicio General General Depósito 06.07.2009 LF1   333.75097293 P769f 3023-30 25.06.2020 e. 3 25.06.2020 Libro y Folleto Colección Dominicana de Servicio
    Préstamo interno   Dominicana de Servicio General General Depósito 06.07.2009 LF1   333.75097293 P769f 3023-40 25.06.2020 e. 4 25.06.2020 Libro y Folleto Colección Dominicana de Servicio
      Excluido de préstamo Patrimonio Dominicano Patrimonio Dominicano Patrimonio Dominicano Depósito 06.07.2009 LF1   333.75097293 P769f 3023-10 25.06.2020   25.06.2020 Libro y Folleto Colección Patrimonio Dominicano
      Excluido de préstamo Patrimonio Dominicano Patrimonio Dominicano Patrimonio Dominicano Depósito 06.07.2009 LF1   333.75097293 P769f 3023-20 25.06.2020 e. 2 25.06.2020 Libro y Folleto Colección Patrimonio Dominicano
        Dominicana de Servicio Patrimonio Dominicano Patrimonio Dominicano Depósito 06.07.2009 LF1   333.75097293 P769f 3023-50 25.06.2020 e. 5 25.06.2020 Libro y Folleto Colección Dominicana de Servicio
        Patrimonio Dominicano Patrimonio Dominicano Patrimonio Dominicano Orden iniciada 01.10.2013 LF1   333.75097293 P769f 3023-60 25.06.2020   25.06.2020 Libro y Folleto Colección Patrimonio Dominicano

Powered by Koha